| 000 | 01867 a2200217 4500 | ||
|---|---|---|---|
| 999 |
_c8035 _d8035 |
||
| 003 | GBCCL | ||
| 005 | 20241126110642.0 | ||
| 008 | 190116b ||||| |||| 00| 0 eng d | ||
| 020 | _a9788193700884 | ||
| 020 | _a9780830839636 | ||
| 040 | _cgbc | ||
| 082 |
_a220.601 _bBIB |
||
| 245 |
_aBiblical hermeneutics : _bfive views / _cStanley E Porter; Beth M Stovell; Craig L Blomberg; et al |
||
| 260 |
_aBangalore : _bOmega book world, _c2018 |
||
| 300 | _a224 p. ; 23 cm. | ||
| 440 |
_aSpectrum multiview books _914027 |
||
| 500 | _aFive experts in biblical hermeneutics gather here to state and defend their approach to the discipline. Contributors include: Craig Blomberg with the historical-critical/grammatical approach, Richard Gaffin with the redemptive-historical approach, Scott Spencer with the literary/postmodern approach, Robert Wall with the canonical approach and Merold Westphal with the philosophical/theological approach. --from publisher descriptio | ||
| 505 | _aIntroduction: Trajectories in biblical hermeneutics / Stanley E. Porter and Beth M. Stovell -- Part 1. Five views of biblical hermeneutics. The historical-critical/grammatical view / Craig L. Blomberg -- The literary/postmodern view / F. Scott Spencer -- The philosophical/theological view / Merold Westphal -- The redemptive-historical view / Richard B. Gaffin Jr. -- The canonical view / Robert W. Wall -- Part 2. Responses. The historical-critical/grammatical response / Craig L. Blomberg -- The literary/postmodern response / F. Scott Spencer -- The philosophical/theological response / Merold Westphal -- The redemptive-historical response / Richard B. Gaffin Jr. -- The canonical response / Robert W. Wall -- Interpreting together : synthesizing five views of biblical hermeneutics / Stanley E. Porter and Beth M. Stovell. | ||
| 650 |
_aHermeneutics _91913 |
||
| 942 |
_2ddc _cBK _017 |
||